Aid, conflict and peacebuilding in Sri Lanka 2000-2005 (Record no. 4952)
[ view plain ]
| 000 -LEADER | |
|---|---|
| fixed length control field | 00641nam a2200193 4500 |
| 008 - FIXED-LENGTH DATA ELEMENTS--GENERAL INFORMATION | |
| fixed length control field | 240701b |||||||| |||| 00| 0 eng d |
| 082 ## - DEWEY DECIMAL CLASSIFICATION NUMBER | |
| Classification number | 303.69 |
| Item number | AID |
| 942 ## - ADDED ENTRY ELEMENTS (KOHA) | |
| Item Type | Reports |
| 700 ## - ADDED ENTRY--PERSONAL NAME | |
| Personal name | Goodhand, Jonathan |
| 700 ## - ADDED ENTRY--PERSONAL NAME | |
| Personal name | Klem, Bart |
| 245 ## - TITLE STATEMENT | |
| Title | Aid, conflict and peacebuilding in Sri Lanka 2000-2005 |
| 260 ## - PUBLICATION, DISTRIBUTION, ETC. (IMPRINT) | |
| Place of Publication | Colombo: |
| Name of Publisher | The Asia Foundation, |
| Date of Copyright | 2005 |
| 300 ## - PHYSICAL DESCRIPTION | |
| Extent | iii, 111 p. ; 29 cm |
| Physical Details | Bibiliography included |
| 440 ## - SERIES STATEMENT/ADDED ENTRY--TITLE | |
| Title | Six-part series |
| Volume | No.1 |
| 856 ## - ELECTRONIC LOCATION AND ACCESS | |
| Uniform Resource Identifier | <a href="https://noolaham.net/project/142/14101/14101.pdf">https://noolaham.net/project/142/14101/14101.pdf</a> |
| 650 ## - SUBJECT ADDED ENTRY--TOPICAL TERM | |
| Topical Term | CONFLICT MANAGEMENT- Sri Lanka |
| 650 ## - SUBJECT ADDED ENTRY--TOPICAL TERM | |
| Topical Term | Economic assistance- Sri Lanka |
| 650 ## - SUBJECT ADDED ENTRY--TOPICAL TERM | |
| Topical Term | Peace-building- Sri Lanka |
| Withdrawn status | Lost status | Source of classification or shelving scheme | Damaged status | Not for loan | Permanent location | Current location | Date acquired | Total Checkouts | Full call number | Barcode | Date last seen | Price effective from | Koha item type |
|---|---|---|---|---|---|---|---|---|---|---|---|---|---|
| Dewey Decimal Classification | Resource center, Muslim Women's Research And Action Forum | Resource center, Muslim Women's Research And Action Forum | 2024-07-01 | 303.69 AID | RAF5338 | 2024-07-01 | 2024-07-01 | Reports |

